Stranícka kontrola práce aparátu

Bibliographic Details
Main Author: Usmanov, Š. (Author)
Format: Article
Language:Slovak
Subjects:

MARC

LEADER 00000nab a2200000 a 4500
001 vtls000120609
003 SK-MaSNL
005 20260303032906.0
008 220422c1982 xo 0 slo
015 |a SNBRB19rr/mm-uuuuu 
035 |a CL0130714 
040 |a SNKBUCL  |b slo  |c SNKBUCL  |e AACR2 
041 0 |a slo 
044 |a xo  |c SK 
080 |a 329.15(47+57)  |2 1981 
080 |a 553  |2 1981 
100 1 |a Usmanov, Š.  |4 aut  |9 1015967 
245 1 0 |a Stranícka kontrola práce aparátu  |c Š. Usmanov 
650 0 7 |a KSSZ  |2 snkbucl  |9 921638 
655 7 |a články z novín a časopisov  |2 snkbucl  |9 267496 
773 0 |t Život strany  |g Č. 12 (1982), s. 49-51 
850 |a Slovenská národná knižnica v Martine  |a MTA001 
852 |a SNK  |b KIS3GCP 
958 |a RK 
958 |a ME 
992 |a RBX 
999 |c 1667504  |d 1669434